[Event "WYCC 2018 O14"]
[Site "Halkidiki"]
[Date "2018.10.30"]
[Round "11"]
[White "Gaal, Zsoka"]
[Black "Fecker, Noah"]
[Result "1/2-1/2"]
[WhiteElo "1976"]
[BlackElo "2184"]
[Annotator "NA"]
[PlyCount "114"]
[EventDate "2018.10.20"]
[EventType "swiss"]
[EventCountry "GRE"]
[SourceTitle "playchess.com"]
[Source "ChessBase"]
[SourceQuality "1"]
[TimeControl "40/5400+30:1800+30"]

1. Nf3 {[%emt 0:00:00]} c5 {[%emt 0:00:00]} 2. c4 {[%emt 0:00:00]} Nc6 {[%emt 0:00:00]} 3. Nc3 {[%emt 0:00:00]} e5 {[%emt 0:00:00]} 4. g3 {[%emt 0:00:27]} g6 {[%emt 0:00:00]} 5. Bg2 {[%emt 0:00:25]} Bg7 {[%emt 0:00:00]} 6. O-O {[%emt 0:00:26]} d6 {[%emt 0:00:00]} 7. a3 {[%emt 0:01:57]} Nge7 {[%emt 0:00:14]} 8. Rb1 {[%emt 0:00:20]} a5 {[%emt 0:05:05]} 9. d3 {[%emt 0:00:33]} O-O {[%emt 0:00:17]} 10. Bd2 {[%emt 0:00:24]} Rb8 {[%emt 0:02:29]} 11. Qa4 {[%emt 0:00:42]} h6 {[%emt 0:11:03] A37: Symmetrical English vs ...g6: 4 Bg2 Bg7 5 Nf3} (11... Be6 12. Nb5 d5 13. cxd5 Bxd5 14. Nc3 Be6 15. Ng5 Bf5 16. Nge4 b6 17. Nxc5 bxc5 18. Bxc6 Nxc6 19. Qxc6 {½-½ (31) Gledura,B (2612)-Vachier Lagrave,M (2793) Caleta 2018}) 12. Rfc1 {[%emt 0:13:18]} f5 {[%emt 0:05:52]} 13. e3 $146 {[%emt 0:11:16]} ({Predecessor:} 13. Nb5 Be6 14. b4 axb4 15. axb4 b6 16. Ne1 Qd7 17. Nc2 g5 18. Nc3 Ra8 19. Qb5 {1-0 (53) Magalashvili,D (2522)-Ameir,M (2323) Ordu 2018}) 13... g5 {[%emt 0:10:28]} 14. Nd5 {[%emt 0:05:29]} Bd7 {[%emt 0:09:46]} 15. Qc2 {[%emt 0:05:01]} f4 {[%emt 0:04:14]} 16. exf4 {[%emt 0:09:49]} exf4 {[%emt 0:05:02]} 17. Nxe7+ {[%emt 0:07:53]} Qxe7 {[%emt 0:02:00]} 18. Re1 {[%emt 0:00:44]} Qd8 {[%emt 0:02:33]} 19. Bc3 {[%emt 0:06:44]} Bg4 {[%emt 0:07:47]} 20. h3 {[%emt 0:09:19]} Bxf3 {[%emt 0:12:41]} 21. Bxf3 {[%emt 0:00:03]} fxg3 {[%emt 0:02:46]} 22. Bd5+ {[%emt 0:00:17]} Kh8 {[%emt 0:00:01]} 23. Bxg7+ {[%emt 0:00:18]} Kxg7 {[%emt 0:00:01]} 24. fxg3 {[%emt 0:00:23]} Ne5 {[%emt 0:01:55]} 25. Kg2 {[%emt 0:05:45]} Qd7 {[%emt 0:01:18]} 26. Rf1 {[%emt 0:06:27]} g4 {[%emt 0:04:42]} 27. hxg4 {[%emt 0:00:55]} Qxg4 {[%emt 0:00:59]} 28. Rbe1 {[%emt 0:05:18]} b6 {[%emt 0:02:17]} 29. Re4 {[%emt 0:03:27]} Rxf1 {[%emt 0:03:39]} 30. Rxg4+ {[%emt 0:01:12]} Nxg4 {[%emt 0:00:01]} 31. Qa4 {[%emt 0:04:24]} Ne3+ {[%emt 0:00:35]} 32. Kh2 {[%emt 0:00:03]} Nxd5 {[%emt 0:00:52]} 33. cxd5 {[%emt 0:00:12]} Rf6 {[%emt 0:03:54]} 34. Qd7+ {[%emt 0:01:47]} Kg6 {[%emt 0:00:11]} 35. Qg4+ {[%emt 0:00:49]} Kf7 {[%emt 0:00:32]} 36. Qe4 {[%emt 0:01:10]} Rg8 {[%emt 0:00:37]} 37. Qe3 {[%emt 0:00:35]} Re8 {[%emt 0:01:12]} 38. Qd2 {[%emt 0:00:23]} Re5 {[%emt 0:00:45]} 39. Qg2 {[%emt 0:00:29]} Kg7 {[%emt 0:01:53]} 40. b4 {[%emt 0:00:00]} axb4 {[%emt 0:00:00]} 41. axb4 {[%emt 0:00:42]} cxb4 {[%emt 0:01:45]} 42. Qa2 {[%emt 0:02:19]} ({Better is} 42. Qb2 $15) 42... Kg6 {[%emt 0:07:17]} 43. Qc4 {[%emt 0:07:28]} h5 {[%emt 0:03:52]} 44. Qxb4 {[%emt 0:06:20]} Rxd5 {[%emt 0:00:51]} 45. Qe4+ {[%emt 0:05:04]} Rff5 {[%emt 0:01:22]} 46. g4 {[%emt 0:05:42]} hxg4 {[%emt 0:00:25]} 47. Qxg4+ {[%emt 0:00:22]} Kf7 {[%emt 0:00:44]} 48. Qc4 {[%emt 0:01:18]} b5 {[%emt 0:00:38]} 49. Qc8 {[%emt 0:03:56]} Rg5 {[%emt 0:00:57]} 50. Qd7+ {[%emt 0:00:30]} Kf6 {[%emt 0:00:05]} 51. Qd8+ {[%emt 0:00:58]} Kf5 {[%emt 0:00:13]} 52. Qe8 {[%emt 0:00:39]} Kf6 {[%emt 0:03:27]} 53. Qd8+ {[%emt 0:00:37]} Kg7 {[%emt 0:00:44]} 54. Qe7+ $11 {[%emt 0:00:38]} Kh6 {[%emt 0:01:15]} 55. Qe6+ {[%emt 0:00:28]} Kh7 {[%emt 0:00:13]} 56. Qf7+ {[%emt 0:00:13]} Kh8 {[%emt 0:00:06]} 57. Qf8+ {[%emt 0:00:14]} Kh7 {[%emt 0:00:04]} 1/2-1/2

[Event "WYCC 2018 O14"]
[Site "Halkidiki"]
[Date "2018.10.30"]
[Round "11"]
[White "Misyura, Ilya"]
[Black "Vitenberg, Noam Aviv"]
[Result "0-1"]
[WhiteElo "1967"]
[BlackElo "2175"]
[Annotator "NA"]
[PlyCount "74"]
[EventDate "2018.10.20"]
[EventType "swiss"]
[EventCountry "GRE"]
[SourceTitle "playchess.com"]
[Source "ChessBase"]
[SourceQuality "1"]
[TimeControl "40/5400+30:1800+30"]

1. d4 {[%emt 0:00:00]} d5 {[%emt 0:00:00]} 2. c4 {[%emt 0:00:00]} e6 {[%emt 0:00:00]} 3. g3 {[%emt 0:00:06]} dxc4 {[%emt 0:02:28]} 4. Bg2 {[%emt 0:00:45]} a6 {[%emt 0:02:34]} 5. Nf3 {[%emt 0:00:55]} Nc6 {[%emt 0:01:02]} 6. O-O {[%emt 0:00:53]} Nf6 {[%emt 0:00:17]} 7. e3 {[%emt 0:01:15]} Bd7 {[%emt 0:00:09]} 8. Qe2 {[%emt 0:00:24]} b5 {[%emt 0:01:52]} 9. b3 {[%emt 0:00:24] E04: Open Catalan: 5 Nf3} cxb3 {[%emt 0:00:07]} 10. axb3 {[%emt 0:00:03]} Be7 {[%emt 0:05:32]} 11. Bd2 {[%emt 0:00:26]} (11. Bb2 O-O 12. Rc1 Ra7 13. Nc3 Qb8 14. Ne5 Nxe5 15. dxe5 Nd5 16. Bxd5 exd5 17. Nxd5 {1-0 (26) Ragger,M (2700)-Ruck,R (2566) Germany 2017}) 11... O-O {[%emt 0:00:42]} 12. Ne5 $146 {[%emt 0:04:04]} ({Predecessor:} 12. Rc1 Bd6 13. Nc3 e5 14. Nxb5 e4 15. Nxd6 cxd6 16. Ng5 d5 17. Rxa6 Rxa6 18. Qxa6 {½-½ (28) Velilla Velasco,F (2559)-Plomp,M (2541) ICCF email 2015}) 12... Nxe5 {[%emt 0:05:14]} 13. Bxa8 {[%emt 0:07:03]} Qxa8 {[%emt 0:00:08]} 14. dxe5 {[%emt 0:00:10]} Ne4 {[%emt 0:09:08]} 15. Bc1 {[%emt 0:07:56]} Bc6 {[%emt 0:06:41]} 16. f3 {[%emt 0:05:57]} Nc5 {[%emt 0:07:24]} 17. Nd2 {[%emt 0:03:51]} b4 {[%emt 0:03:51]} 18. Qc4 {[%emt 0:12:02]} Rb8 {[%emt 0:11:39]} 19. Qc2 {[%emt 0:07:29]} Rd8 {[%emt 0:04:31]} 20. e4 {[%emt 0:17:29]} Bb5 {[%emt 0:06:04]} 21. Nc4 {[%emt 0:06:16]} Rd3 {[%emt 0:06:45]} 22. Bd2 {[%emt 0:07:20]} Rxb3 {[%emt 0:02:19]} 23. Rab1 {[%emt 0:01:56]} Rxb1 {[%emt 0:05:09]} 24. Rxb1 {[%emt 0:00:18]} b3 {[%emt 0:08:16]} 25. Qc3 {[%emt 0:01:42]} Qd8 {[%emt 0:01:33]} 26. Be3 {[%emt 0:04:45]} Qd3 {[%emt 0:01:21]} 27. Qxd3 $17 {[%emt 0:01:12]} Nxd3 {[%emt 0:00:04]} 28. Nd2 {[%emt 0:01:41]} b2 {[%emt 0:00:56]} 29. Bd4 {[%emt 0:00:43]} Ba3 {[%emt 0:00:28]} 30. Bc3 {[%emt 0:02:31]} c5 {[%emt 0:01:22]} 31. f4 {[%emt 0:00:37]} Bb4 {[%emt 0:00:30]} 32. Bxb4 {[%emt 0:02:02]} cxb4 {[%emt 0:00:04]} 33. Rd1 {[%emt 0:00:38]} a5 {[%emt 0:00:26]} 34. Nb3 {[%emt 0:00:41]} a4 {[%emt 0:00:13]} 35. Nc5 {[%emt 0:00:06]} a3 {[%emt 0:00:11]} 36. Nxd3 {[%emt 0:00:14]} Bxd3 {[%emt 0:00:03]} 37. Kf2 {[%emt 0:00:03]} b1=Q {[%emt 0:00:06]} 0-1

[Event "WYCC 2018 O14"]
[Site "Halkidiki"]
[Date "2018.10.30"]
[Round "11"]
[White "Domalchuk-Jonasson, Aleksandr"]
[Black "Lopez Varela, Pablo"]
[Result "1-0"]
[WhiteElo "1963"]
[BlackElo "2172"]
[Annotator "NA"]
[PlyCount "77"]
[EventDate "2018.10.20"]
[EventType "swiss"]
[EventCountry "GRE"]
[SourceTitle "playchess.com"]
[Source "ChessBase"]
[SourceQuality "1"]
[TimeControl "40/5400+30:1800+30"]

1. d4 {[%emt 0:00:00]} d6 {[%emt 0:00:00]} 2. Nf3 {[%emt 0:00:27]} Nf6 {[%emt 0:00:00]} 3. c4 {[%emt 0:00:49]} Nbd7 {[%emt 0:00:00]} 4. Nc3 {[%emt 0:00:07]} g6 {[%emt 0:00:05]} 5. e4 {[%emt 0:00:06]} e5 {[%emt 0:00:27]} 6. d5 {[%emt 0:00:33]} Bg7 {[%emt 0:00:07]} 7. Bd3 {[%emt 0:03:51] E61: King's Indian: Early deviations for White, including Smyslov System} (7. h3 Nc5 8. Qc2 a5 9. Be3 b6 10. Be2 Bd7 11. Nd2 O-O 12. g4 Ne8 13. O-O-O f5 14. gxf5 gxf5 15. Bxc5 bxc5 16. exf5 Bxf5 17. Nde4 Nf6 18. f3 Nh5 19. Rdg1 Bg6 20. Bd1 Nf4 {0-1 (58) Duda,J (2724)-Lewtak,D (2370) Zgierz 2018}) 7... a5 {[%emt 0:00:39]} 8. O-O {[%emt 0:00:44]} Nc5 {[%emt 0:00:18]} 9. Bc2 {[%emt 0:00:11]} O-O {[%emt 0:01:06]} 10. a3 {[%emt 0:03:05]} Ne8 {[%emt 0:01:35]} 11. Be3 {[%emt 0:00:38]} b6 $146 {[%emt 0:00:59]} ({Predecessor:} 11... f5 12. b4 axb4 13. axb4 Rxa1 14. Qxa1 Nxe4 15. Nxe4 fxe4 16. Bxe4 Nf6 {0-1 (32) Reichardt,R-Hoeneveld,M (1756) Rotterdam 2014}) 12. Ne1 {[%emt 0:08:15]} f5 {[%emt 0:02:04]} 13. exf5 {[%emt 0:02:33]} gxf5 {[%emt 0:03:55]} 14. f4 {[%emt 0:00:53]} e4 {[%emt 0:06:07]} 15. Bd4 {[%emt 0:01:27]} Nf6 {[%emt 0:02:16]} 16. g3 {[%emt 0:07:05]} Bd7 {[%emt 0:05:13]} 17. Ng2 {[%emt 0:00:42]} Be8 {[%emt 0:06:17]} 18. Ne3 {[%emt 0:02:09]} Bh5 {[%emt 0:01:46]} 19. Qd2 {[%emt 0:00:16]} Ng4 {[%emt 0:04:14]} 20. Bxg7 $16 {[%emt 0:08:46]} Nxe3 {[%emt 0:06:45]} 21. Qxe3 {[%emt 0:01:28]} Kxg7 {[%emt 0:00:07]} 22. b4 {[%emt 0:00:26]} Nd7 {[%emt 0:03:38]} 23. Nb5 {[%emt 0:00:34]} Bf7 {[%emt 0:03:07]} 24. Ba4 {[%emt 0:00:55]} Nf6 {[%emt 0:05:31]} 25. Nd4 {[%emt 0:01:51]} Qc8 {[%emt 0:00:11]} 26. Bc6 {[%emt 0:00:21]} Ra7 {[%emt 0:00:15]} 27. Qc3 {[%emt 0:00:51]} Kg6 {[%emt 0:06:02]} 28. Nb3 {[%emt 0:04:20]} Nd7 {[%emt 0:06:15]} 29. bxa5 {[%emt 0:04:42]} bxa5 {[%emt 0:00:06]} 30. Bxd7 {[%emt 0:00:24]} Qxd7 {[%emt 0:00:12]} 31. Nxa5 {[%emt 0:00:11]} Rfa8 {[%emt 0:01:32]} 32. Nc6 {[%emt 0:00:06]} Ra4 {[%emt 0:00:43]} 33. g4 {[%emt 0:13:24]} fxg4 {[%emt 0:08:08]} 34. f5+ {[%emt 0:00:07]} Kh5 {[%emt 0:00:20]} 35. Rf4 {[%emt 0:02:05]} Rg8 {[%emt 0:01:53]} 36. Re1 {[%emt 0:01:25]} Rg5 {[%emt 0:02:10]} 37. Rexe4 {[%emt 0:01:28]} Bxd5 {[%emt 0:01:06]} 38. Re7 {[%emt 0:03:36]} Rxc4 {[%emt 0:03:31]} 39. Rxd7 {[%emt 0:00:18]} 1-0

[Event "WYCC 2018 O14"]
[Site "Halkidiki"]
[Date "2018.10.30"]
[Round "11"]
[White "Wernberg, Hugo"]
[Black "Risteski, Emil"]
[Result "0-1"]
[WhiteElo "1956"]
[BlackElo "2120"]
[Annotator "NA"]
[PlyCount "94"]
[EventDate "2018.10.20"]
[EventType "swiss"]
[EventCountry "GRE"]
[SourceTitle "playchess.com"]
[Source "ChessBase"]
[SourceQuality "1"]
[TimeControl "40/5400+30:1800+30"]

1. e4 {[%emt 0:00:00]} c5 {[%emt 0:00:00]} 2. Nf3 {[%emt 0:00:00]} Nc6 {[%emt 0:00:00]} 3. d4 {[%emt 0:00:00]} cxd4 {[%emt 0:00:00]} 4. Nxd4 {[%emt 0:00:01]} e5 {[%emt 0:00:00]} 5. Nb5 {[%emt 0:00:24]} d6 {[%emt 0:00:01]} 6. N1c3 {[%emt 0:00:07]} a6 {[%emt 0:00:04]} 7. Na3 {[%emt 0:00:10]} b5 {[%emt 0:00:04]} 8. Nd5 {[%emt 0:00:11]} Nge7 {[%emt 0:00:06]} 9. c4 {[%emt 0:00:14]} Nxd5 {[%emt 0:00:15]} 10. exd5 {[%emt 0:01:28]} Nd4 {[%emt 0:00:49]} 11. Be3 {[%emt 0:02:44]} Nf5 {[%emt 0:01:37]} 12. cxb5 {[%emt 0:01:45]} Nxe3 {[%emt 0:08:34]} 13. fxe3 {[%emt 0:00:19]} Qh4+ {[%emt 0:05:12]} 14. g3 {[%emt 0:01:01]} Qe4 {[%emt 0:11:57]} 15. Qc2 {[%emt 0:01:26]} Qxe3+ {[%emt 0:16:10]} 16. Qe2 {[%emt 0:06:04]} Qxe2+ {[%emt 0:13:12]} 17. Bxe2 {[%emt 0:00:42]} axb5 {[%emt 0:00:32]} 18. Nxb5 {[%emt 0:01:22]} Rb8 {[%emt 0:01:05]} 19. Na7 {[%emt 0:20:43]} Bd7 {[%emt 0:03:07]} 20. Nc6 {[%emt 0:00:53]} Rxb2 {[%emt 0:10:03]} 21. a4 {[%emt 0:02:05]} g6 {[%emt 0:00:04]} 22. a5 {[%emt 0:05:24]} Bh6 {[%emt 0:01:19]} 23. a6 {[%emt 0:02:32]} O-O {[%emt 0:00:30]} 24. O-O {[%emt 0:02:08]} Rxe2 {[%emt 0:01:43]} 25. a7 {[%emt 0:02:03]} Be3+ {[%emt 0:00:11]} 26. Kh1 {[%emt 0:00:11]} Bh3 {[%emt 0:01:54]} 27. Rg1 {[%emt 0:00:58]} Bxa7 {[%emt 0:03:48]} 28. Rxa7 {[%emt 0:00:26]} Bg4 {[%emt 0:00:14]} 29. Rb1 {[%emt 0:01:40]} Bf3+ {[%emt 0:00:47]} 30. Kg1 {[%emt 0:00:10]} Kh8 {[%emt 0:02:37]} 31. Ne7 {[%emt 0:00:53]} Rg2+ {[%emt 0:00:29]} 32. Kf1 {[%emt 0:00:12]} Rxh2 {[%emt 0:00:13]} 33. Rbb7 {[%emt 0:00:15]} e4 {[%emt 0:00:13]} 34. Ra3 {[%emt 0:01:16]} Rd2 {[%emt 0:02:24]} 35. Ke1 {[%emt 0:00:44]} Re2+ {[%emt 0:00:45]} 36. Kf1 {[%emt 0:00:17]} Rg2 {[%emt 0:00:29]} 37. g4 {[%emt 0:00:59]} Rxg4 {[%emt 0:01:00]} 38. Kf2 {[%emt 0:00:08]} h5 {[%emt 0:00:57]} 39. Ra6 {[%emt 0:00:54]} h4 {[%emt 0:00:30]} 40. Rxd6 {[%emt 0:00:00]} h3 {[%emt 0:00:00]} 41. Nxg6+ {[%emt 0:01:09]} Rxg6 {[%emt 0:00:14]} 42. Rxg6 {[%emt 0:00:08]} fxg6 {[%emt 0:00:03]} 43. Kg3 {[%emt 0:00:22]} e3 {[%emt 0:00:12]} 44. Kxh3 {[%emt 0:00:42]} e2 {[%emt 0:00:38]} 45. Re7 {[%emt 0:00:19]} Rd8 {[%emt 0:00:17]} 46. Kg3 {[%emt 0:00:25]} Bh5 {[%emt 0:00:03]} 47. Re5 {[%emt 0:00:30]} Rxd5 {[%emt 0:00:08]} 0-1

[Event "WYCC 2018 O14"]
[Site "Halkidiki"]
[Date "2018.10.30"]
[Round "11"]
[White "Bolognese, Leonardo"]
[Black "Juhasz, Agoston"]
[Result "0-1"]
[WhiteElo "1947"]
[BlackElo "2174"]
[Annotator "NA"]
[PlyCount "90"]
[EventDate "2018.10.20"]
[EventType "swiss"]
[EventCountry "GRE"]
[SourceTitle "playchess.com"]
[Source "ChessBase"]
[SourceQuality "1"]
[TimeControl "40/5400+30:1800+30"]

1. Nf3 {[%emt 0:00:00]} Nf6 {[%emt 0:00:00]} 2. c4 {[%emt 0:00:00]} g6 {[%emt 0:00:54]} 3. d4 {[%emt 0:01:15]} Bg7 {[%emt 0:00:17]} 4. Nc3 {[%emt 0:01:51]} d5 {[%emt 0:00:17]} 5. Bg5 {[%emt 0:00:32]} dxc4 {[%emt 0:00:30]} 6. e3 {[%emt 0:01:46]} Be6 {[%emt 0:01:42]} 7. Ne5 {[%emt 0:03:36]} Nd5 {[%emt 0:01:12]} 8. Nxc4 {[%emt 0:02:47] D91: Grünfeld: 4 Nf3 Bg7 5 Bg5} c5 {[%emt 0:01:36]} (8... O-O 9. Rc1 Na6 10. e4 Nxc3 11. bxc3 f5 12. exf5 Rxf5 13. h4 Qf8 14. Qd2 Qf7 15. Ne3 Ra5 {1-0 (57) Adly,A (2605)-Salem,A (2489) Dubai 2011}) 9. Qa4+ {[%emt 0:13:55]} Nc6 {[%emt 0:02:59]} 10. Ne5 {[%emt 0:03:32]} O-O {[%emt 0:05:34]} 11. Nxc6 {[%emt 0:05:29]} bxc6 {[%emt 0:00:11]} 12. Be2 {[%emt 0:13:01]} cxd4 {[%emt 0:19:37]} 13. exd4 {[%emt 0:01:44]} Nxc3 $146 {[%emt 0:11:07]} ({Predecessor:} 13... c5 14. O-O cxd4 15. Nxd5 Bxd5 {0-1 (44) Michalicka,M (2185)-Zambo,Z (2365) Tatranske Zruby 2015}) 14. bxc3 {[%emt 0:00:44]} Qd5 {[%emt 0:00:32]} 15. Bf4 {[%emt 0:07:52]} Qxg2 {[%emt 0:00:25]} 16. Rf1 {[%emt 0:00:04]} Bh3 {[%emt 0:06:01]} 17. f3 {[%emt 0:07:03]} Rfe8 {[%emt 0:02:35]} 18. Bg3 {[%emt 0:06:19]} e5 {[%emt 0:01:40]} 19. Rd1 {[%emt 0:02:18]} exd4 {[%emt 0:08:14]} 20. Rf2 {[%emt 0:02:40]} Rxe2+ {[%emt 0:00:43]} 21. Kxe2 {[%emt 0:02:51]} Re8+ {[%emt 0:05:49]} 22. Kd3 {[%emt 0:03:03]} Bf5+ {[%emt 0:01:20]} 23. Kc4 {[%emt 0:01:02]} Be6+ {[%emt 0:00:30]} 24. Kd3 {[%emt 0:00:19]} Qh3 {[%emt 0:01:04]} 25. cxd4 {[%emt 0:01:23]} Qf5+ {[%emt 0:00:20]} 26. Kd2 {[%emt 0:02:56]} h5 {[%emt 0:10:06]} 27. Bc7 {[%emt 0:10:10]} Re7 {[%emt 0:01:50]} 28. Qa5 {[%emt 0:01:05]} Bd5 {[%emt 0:00:24]} 29. Be5 {[%emt 0:00:57]} f6 {[%emt 0:02:23]} 30. Bd6 {[%emt 0:01:23]} Rb7 {[%emt 0:01:21]} 31. Qd8+ {[%emt 0:00:42]} Kh7 {[%emt 0:00:07]} 32. Ke1 {[%emt 0:00:05]} Rd7 {[%emt 0:00:34]} 33. Qe8 {[%emt 0:02:00]} Rxd6 {[%emt 0:00:26]} 34. Re2 {[%emt 0:00:18]} Bxf3 {[%emt 0:00:45]} 35. Re7 {[%emt 0:00:51]} Qc2 {[%emt 0:08:40]} 36. Rxg7+ {[%emt 0:00:39]} Kxg7 {[%emt 0:00:03]} 37. Qe7+ {[%emt 0:00:05]} Kh6 {[%emt 0:00:20]} 38. Qe3+ {[%emt 0:00:07]} g5 {[%emt 0:00:59]} 39. Qxf3 {[%emt 0:01:11]} Qxh2 {[%emt 0:01:52]} 40. Qe3 {[%emt 0:00:00]} Qxa2 {[%emt 0:00:00]} 41. d5 {[%emt 0:05:03]} Rxd5 $19 {[%emt 0:03:40]} 42. Rxd5 {[%emt 0:00:07]} Qxd5 {[%emt 0:00:19]} 43. Qxa7 {[%emt 0:00:09]} h4 {[%emt 0:02:17]} 44. Qa8 {[%emt 0:00:05]} Qe6+ {[%emt 0:01:41]} 45. Kd2 {[%emt 0:00:11]} h3 {[%emt 0:01:18]} 0-1

[Event "WYCC 2018 O14"]
[Site "Halkidiki"]
[Date "2018.10.30"]
[Round "11"]
[White "Ibarra, Juan Martin"]
[Black "Mishra, Abhimanyu"]
[Result "1/2-1/2"]
[WhiteElo "1899"]
[BlackElo "2149"]
[Annotator "NA"]
[PlyCount "90"]
[EventDate "2018.10.20"]
[EventType "swiss"]
[EventCountry "GRE"]
[SourceTitle "playchess.com"]
[Source "ChessBase"]
[SourceQuality "1"]
[TimeControl "40/5400+30:1800+30"]

1. e4 {[%emt 0:00:00]} c5 {[%emt 0:00:00]} 2. Nf3 {[%emt 0:00:00]} e6 {[%emt 0:00:00]} 3. d4 {[%emt 0:00:00]} cxd4 {[%emt 0:00:00]} 4. Nxd4 {[%emt 0:00:00]} Nc6 {[%emt 0:00:11]} 5. Nb5 {[%emt 0:00:00]} d6 {[%emt 0:00:38]} 6. c4 {[%emt 0:00:11]} a6 {[%emt 0:01:24]} 7. N5c3 {[%emt 0:00:47]} Nf6 {[%emt 0:01:54]} 8. Be2 {[%emt 0:00:37] B44: Sicilian: Taimanov: 5 Nb5} Ne5 {[%emt 0:01:09]} 9. Bf4 {[%emt 0:01:55]} Qc7 {[%emt 0:09:22]} 10. O-O {[%emt 0:06:25]} Be7 {[%emt 0:03:47]} 11. Nd2 {[%emt 0:03:52]} O-O {[%emt 0:05:21]} 12. Rc1 {[%emt 0:01:11]} b6 {[%emt 0:05:37]} 13. a3 $146 {[%emt 0:03:05]} ({Predecessor:} 13. Bg3 Bb7 14. f4 Nc6 15. Kh1 Nd4 {1-0 (29) Jumabayev,R (2611)-Stratonowitsch,A (2138) Doha 2016}) 13... Bb7 {[%emt 0:03:53]} 14. Bg3 {[%emt 0:05:25]} Ned7 {[%emt 0:06:28]} 15. b4 {[%emt 0:01:00]} Rac8 {[%emt 0:02:11]} 16. f4 {[%emt 0:08:02]} Qb8 {[%emt 0:08:38]} 17. Bf3 {[%emt 0:03:42]} b5 {[%emt 0:15:30]} 18. e5 {[%emt 0:16:06]} Bxf3 {[%emt 0:10:33]} 19. Nxf3 {[%emt 0:00:05]} Ne8 {[%emt 0:06:32]} 20. exd6 {[%emt 0:07:14]} Nxd6 {[%emt 0:04:02]} 21. c5 {[%emt 0:09:56]} Nf5 {[%emt 0:03:27]} 22. Qe2 {[%emt 0:09:01]} Rfd8 {[%emt 0:04:15]} 23. Rfd1 {[%emt 0:00:29]} Nf6 {[%emt 0:01:06]} 24. Ne5 {[%emt 0:05:19]} Qc7 {[%emt 0:01:51]} 25. Bf2 {[%emt 0:01:32]} h5 {[%emt 0:01:04]} 26. Ne4 {[%emt 0:01:42]} Nd5 {[%emt 0:01:21]} 27. Qxh5 {[%emt 0:01:17]} Nxf4 {[%emt 0:01:00]} 28. Qxf7+ {[%emt 0:00:34]} Kh7 {[%emt 0:00:01]} 29. Rxd8 {[%emt 0:05:01]} Qxd8 {[%emt 0:01:35]} 30. Re1 {[%emt 0:06:58]} Qd5 {[%emt 0:01:21]} 31. Nd7 {[%emt 0:01:56]} Qd3 {[%emt 0:00:44]} 32. Ne5 {[%emt 0:01:28]} Ne2+ {[%emt 0:00:26]} 33. Rxe2 {[%emt 0:00:16]} Qxe2 {[%emt 0:00:16]} 34. Qg6+ {[%emt 0:00:49]} Kh8 {[%emt 0:00:21]} 35. Nf7+ {[%emt 0:01:00]} Kg8 {[%emt 0:00:02]} 36. Ng3 {[%emt 0:00:20]} Qd1+ {[%emt 0:01:22]} 37. Nf1 {[%emt 0:00:05]} Rf8 {[%emt 0:00:30]} 38. Ne5 {[%emt 0:00:11]} Qd5 {[%emt 0:00:19]} 39. Ng4 {[%emt 0:01:09]} Rd8 {[%emt 0:00:46]} 40. c6 {[%emt 0:00:00]} (40. Nfe3 $1 $11 {remains equal.} Nxe3 41. Nh6+ (41. Nxe3 Qe5 $17) 41... Kh8 42. Nf7+ Kg8 43. Nh6+ Kh8 44. Nf7+ Kg8 45. Nh6+) 40... Qxc6 {[%emt 0:00:00]} (40... Rc8 $17 41. h3 Kh8 42. Qh5+ Nh6 43. Qxd5 exd5) 41. Ne5 {[%emt 0:00:34]} Qd5 {[%emt 0:09:31]} 42. Qf7+ {[%emt 0:00:07]} Kh7 {[%emt 0:00:38]} 43. Qg6+ {[%emt 0:00:15]} Kg8 {[%emt 0:08:45]} 44. Qf7+ $11 {[%emt 0:00:08]} Kh7 {[%emt 0:00:07]} 45. Qg6+ {[%emt 0:00:04]} Kg8 {[%emt 0:02:30]} 1/2-1/2

[Event "WYCC 2018 O14"]
[Site "Halkidiki"]
[Date "2018.10.30"]
[Round "11"]
[White "Ngo, Duc Tri"]
[Black "Van Dael, Siem"]
[Result "1/2-1/2"]
[WhiteElo "1883"]
[BlackElo "2202"]
[Annotator "NA"]
[PlyCount "80"]
[EventDate "2018.10.20"]
[EventType "swiss"]
[EventCountry "GRE"]
[SourceTitle "playchess.com"]
[Source "ChessBase"]
[SourceQuality "1"]
[TimeControl "40/5400+30:1800+30"]

1. e4 {[%emt 0:00:00]} c5 {[%emt 0:00:00]} 2. Nc3 {[%emt 0:00:00]} d6 {[%emt 0:00:00]} 3. g3 {[%emt 0:00:02]} g6 {[%emt 0:00:00]} 4. Bg2 {[%emt 0:00:03]} Bg7 {[%emt 0:00:00]} 5. Nge2 {[%emt 0:00:03]} Nc6 {[%emt 0:00:01]} 6. O-O {[%emt 0:02:55]} Nf6 {[%emt 0:00:08]} 7. d4 {[%emt 0:00:57]} cxd4 {[%emt 0:00:06]} 8. Nxd4 {[%emt 0:00:03]} O-O {[%emt 0:00:07]} 9. Nxc6 {[%emt 0:04:09]} bxc6 {[%emt 0:00:06]} 10. e5 {[%emt 0:00:02] B70: Sizilianisch (Drachen-Variante)} dxe5 {[%emt 0:00:06]} 11. Bxc6 {[%emt 0:00:04]} Rb8 {[%emt 0:00:06]} 12. Qxd8 {[%emt 0:00:11]} Rxd8 {[%emt 0:00:05]} 13. Re1 {[%emt 0:01:03]} (13. Ba4 e4 14. Bb3 Bg4 15. Bf4 Rb7 16. Rfe1 Bf3 17. a4 e6 18. Be5 Rd2 19. Bf4 Rd8 20. Be5 Rd2 21. Bf4 {½-½ (21) Vallejo Pons,F (2684)-Edouard,R (2636) Berlin 2015}) 13... Ne8 {[%emt 0:08:20]} 14. Bg5 $146 {[%emt 0:04:58]} ({Vorgänger:} 14. Rb1 Bf5 15. Be4 Nd6 16. Bxf5 Nxf5 17. Ne2 Nd6 {0-1 (26) Sierra Bermejo,G (1661)-Sirera Ripoll,J (1750) Madrid 2014}) 14... f6 {[%emt 0:03:36]} 15. Rad1 {[%emt 0:00:42]} Rxd1 {[%emt 0:03:33]} 16. Nxd1 {[%emt 0:02:25]} Nd6 {[%emt 0:03:44]} 17. Be3 {[%emt 0:00:07]} Bb7 {[%emt 0:00:28]} 18. Bxb7 {[%emt 0:00:04]} Rxb7 {[%emt 0:00:05]} 19. b3 {[%emt 0:00:03]} Nf5 {[%emt 0:00:46]} 20. c4 {[%emt 0:00:52]} Nd4 {[%emt 0:01:46]} 21. Kg2 {[%emt 0:00:06]} f5 {[%emt 0:04:48]} 22. Nc3 {[%emt 0:00:28]} (22. Bxd4 $14 exd4 23. f4) 22... e4 {[%emt 0:02:58]} 23. Bxd4 {[%emt 0:06:48]} Bxd4 {[%emt 0:00:07]} 24. Nb5 {[%emt 0:00:02]} e5 {[%emt 0:03:35]} 25. Rd1 {[%emt 0:00:10]} a6 {[%emt 0:02:04]} 26. Nxd4 {[%emt 0:00:03]} Rd7 {[%emt 0:00:06]} 27. c5 {[%emt 0:00:02]} exd4 {[%emt 0:00:11]} 28. c6 {[%emt 0:00:03]} Rc7 {[%emt 0:00:09]} 29. Rxd4 {[%emt 0:00:03]} Rxc6 {[%emt 0:00:05]} 30. Rd2 {[%emt 0:00:52]} Kf7 {[%emt 0:01:22]} 31. f3 {[%emt 0:01:48]} Ke6 {[%emt 0:01:36]} 32. Kf2 {[%emt 0:00:08]} Rc3 {[%emt 0:00:17]} 33. fxe4 {[%emt 0:00:11]} fxe4 {[%emt 0:00:05]} 34. Rd4 {[%emt 0:00:06]} Rc2+ {[%emt 0:04:46]} 35. Ke3 {[%emt 0:00:04]} Rxa2 {[%emt 0:00:06]} 36. Rxe4+ {[%emt 0:00:03]} Kd5 {[%emt 0:00:13]} 37. Rh4 {[%emt 0:00:33]} h5 {[%emt 0:01:58]} 38. g4 {[%emt 0:00:03]} Rb2 {[%emt 0:00:21]} 39. gxh5 {[%emt 0:00:05]} Rxb3+ $11 {[%emt 0:00:07]} 40. Kd2 {[%emt 0:00:00]} gxh5 {[%emt 0:00:00]} 1/2-1/2